[Event "IX American Continental Classical Championship 201"]
[Site "Hotel Pipa AtlÃ¢ntico - Praia da Pipa - Rio Grande"]
[Date "2014.10.19"]
[Round "3"]
[Board "4"]
[White "Cori T., Deysi"]
[Black "Leitao, Rafael"]
[Result "1/2-1/2"]
[WhiteElo "2411"]
[BlackElo "2636"]
[PlyCount "39"]
[EventDate "2014.10.18"]
[EventRounds "11"]
[EventCountry "BRA"]

1. d4 Nf6 2. Nf3 e6 3. e3 b6 4. Bd3 Bb7 5. O-O d5 6. b3 Bd6 7. Bb2 O-O 8. Ne5
Nbd7 9. Qe2 c5 10. Nd2 Qe7 11. a3 Rac8 12. Rfd1 Rfd8 13. h3 Nf8 14. dxc5 Bxc5
15. e4 dxe4 16. Nxe4 Bxe4 17. Bxe4 Rxd1+ 18. Rxd1 Nxe4 19. Qxe4 b5 20. c4
 1/2-1/2

[Event "IX American Continental Classical Championship 201"]
[Site "Hotel Pipa AtlÃ¢ntico - Praia da Pipa - Rio Grande"]
[Date "2014.10.19"]
[Round "3"]
[Board "6"]
[White "Ortiz Suarez, Isan Reynaldo"]
[Black "Roselli Mailhe, Bernardo"]
[Result "1-0"]
[WhiteElo "2611"]
[BlackElo "2404"]
[PlyCount "109"]
[EventDate "2014.10.18"]
[EventRounds "11"]
[EventCountry "BRA"]

1. e4 e6 2. d4 d5 3. Nd2 a6 4. Ngf3 c5 5. c3 Nc6 6. Bd3 cxd4 7. cxd4 Nge7 8.
O-O dxe4 9. Nxe4 Nf5 10. Bg5 Be7 11. Bxe7 Ncxe7 12. Ng3 Nxg3 13. hxg3 O-O 14.
Qe2 g6 15. Be4 Bd7 16. Qe3 Bc6 17. Qh6 Nf5 18. Bxf5 Bxf3 19. gxf3 exf5 20. Rad1
Qd5 21. Kg2 f6 22. Rfe1 Rae8 23. b3 Rxe1 24. Rxe1 Qf7 25. Qf4 Rd8 26. Rc1 Kg7
27. Rc7 Rd7 28. Rxd7 Qxd7 29. Qc1 Qd5 30. Qc7+ Kg8 31. Qe7 Qxd4 32. Qxb7 Qd6
33. b4 f4 34. g4 h5 35. gxh5 gxh5 36. a4 h4 37. b5 h3+ 38. Kxh3 Qe6+ 39. Kg2
Qf5 40. Qe4 Qg5+ 41. Kf1 axb5 42. Qe8+ Kg7 43. Qxb5 Qh4 44. Kg2 Qh6 45. Qf5 Kf8
46. a5 Qg7+ 47. Kf1 Qc7 48. Qxf6+ Ke8 49. Qe6+ Kf8 50. a6 Qc1+ 51. Kg2 Qc7 52.
Qf6+ Kg8 53. Qg6+ Kh8 54. Qh5+ Kg8 55. Qd5+ 1-0

[Event "IX American Continental Classical Championship 201"]
[Site "Hotel Pipa AtlÃ¢ntico - Praia da Pipa - Rio Grande"]
[Date "2014.10.19"]
[Round "3"]
[Board "8"]
[White "Felgaer, Ruben"]
[Black "Santiago, Yago De Moura"]
[Result "1-0"]
[WhiteElo "2577"]
[BlackElo "2397"]
[PlyCount "87"]
[EventDate "2014.10.18"]
[EventRounds "11"]
[EventCountry "BRA"]

1. e4 e6 2. d4 d5 3. Nd2 Nc6 4. Ngf3 Nf6 5. e5 Nd7 6. Bd3 Nb4 7. Be2 c5 8. c3
Nc6 9. O-O a5 10. a4 Be7 11. Re1 cxd4 12. cxd4 O-O 13. Nf1 b6 14. Bb5 Nb4 15.
Bd2 Ba6 16. Bc3 Nb8 17. Ng3 N8c6 18. Bxa6 Nxa6 19. Nh5 Bb4 20. Nd2 Ne7 21. Qg4
Ng6 22. Nf3 Bxc3 23. bxc3 Nc7 24. Re3 h6 25. Ne1 Qg5 26. Qd1 Rfc8 27. Rg3 Qh4
28. Rh3 Qe7 29. f4 Ne8 30. g4 f6 31. Qd3 Nf8 32. Nf3 fxe5 33. Nxe5 Nd6 34. Rf1
Ne4 35. c4 Nd7 36. cxd5 exd5 37. Qb5 Nxe5 38. fxe5 Qe6 39. Kh1 Qxg4 40. Qxd5+
Kh7 41. Rhf3 Nd2 42. Qf7 Rc6 43. Rf4 Qg6 44. Rg1 1-0

[Event "IX American Continental Classical Championship 201"]
[Site "Hotel Pipa AtlÃ¢ntico - Praia da Pipa - Rio Grande"]
[Date "2014.10.19"]
[Round "3"]
[Board "9"]
[White "Quintiliano Pinto, Renato R."]
[Black "Cruz, Cristhian"]
[Result "0-1"]
[WhiteElo "2378"]
[BlackElo "2557"]
[PlyCount "80"]
[EventDate "2014.10.18"]
[EventRounds "11"]
[EventCountry "BRA"]

1. d4 Nf6 2. c4 e6 3. Nf3 b6 4. a3 Ba6 5. Qc2 Bb7 6. Nc3 c5 7. e4 cxd4 8. Nxd4
Nc6 9. Nxc6 Bxc6 10. Bf4 d6 11. Be2 Be7 12. O-O O-O 13. Rfd1 Qc7 14. Rac1 Rac8
15. Qd3 Qb7 16. Bf3 Rfd8 17. b4 Qa8 18. Qe2 h6 19. Rd2 b5 20. Rcd1 e5 21. cxb5
Be8 22. Nd5 Nxd5 23. exd5 Qb7 24. Be3 Bxb5 25. Qe1 f5 26. g3 Bf6 27. Be2 Ba4
28. Rc1 Qf7 29. Ba6 Rxc1 30. Qxc1 f4 31. gxf4 Qg6+ 32. Kf1 Qe4 33. Qc4 Qh1+ 34.
Ke2 Be8 35. fxe5 Bh5+ 36. Kd3 Qb1+ 37. Kc3 Bxe5+ 38. Bd4 Qc1+ 39. Rc2 Qxa3+ 40.
Kd2 Bxd4 0-1

[Event "IX American Continental Classical Championship 201"]
[Site "Hotel Pipa AtlÃ¢ntico - Praia da Pipa - Rio Grande"]
[Date "2014.10.19"]
[Round "3"]
[Board "10"]
[White "Perez Ponsa, Federico"]
[Black "Valdes Escobar, Alvaro"]
[Result "1/2-1/2"]
[WhiteElo "2536"]
[BlackElo "2378"]
[PlyCount "35"]
[EventDate "2014.10.18"]
[EventRounds "11"]
[EventCountry "BRA"]

1. d4 Nf6 2. c4 e6 3. Nf3 Bb4+ 4. Bd2 a5 5. g3 d5 6. Qc2 Nc6 7. a3 Be7 8. Bg2
dxc4 9. Qxc4 Qd5 10. Qd3 Qe4 11. Qb5 O-O 12. Qa4 b5 13. Qd1 Nxd4 14. Nc3 Qb7
15. O-O Nxf3+ 16. Bxf3 c6 17. Qc2 h6 18. a4 1/2-1/2

[Event "IX American Continental Classical Championship 201"]
[Site "Hotel Pipa AtlÃ¢ntico - Praia da Pipa - Rio Grande"]
[Date "2014.10.19"]
[Round "3"]
[Board "11"]
[White "Cuellar, Diego"]
[Black "Hernandez Guerrero, Gilberto"]
[Result "1/2-1/2"]
[WhiteElo "2302"]
[BlackElo "2531"]
[PlyCount "32"]
[EventDate "2014.10.18"]
[EventRounds "11"]
[EventCountry "BRA"]

1. e4 c5 2. Nc3 Nc6 3. Bb5 Nd4 4. Bc4 e6 5. Nf3 a6 6. Nxd4 cxd4 7. Ne2 Bc5 8.
d3 Ne7 9. Bb3 d5 10. O-O dxe4 11. dxe4 O-O 12. Nf4 Nc6 13. Nd3 Be7 14. Bd2 Na5
15. Bxa5 Qxa5 16. f4 Bd7 1/2-1/2

[Event "IX American Continental Classical Championship 201"]
[Site "Hotel Pipa AtlÃ¢ntico - Praia da Pipa - Rio Grande"]
[Date "2014.10.19"]
[Round "3"]
[Board "12"]
[White "El Debs, Felipe De Cresce"]
[Black "Abdalla, Luiz Guilherme Aurell"]
[Result "1-0"]
[WhiteElo "2514"]
[BlackElo "2302"]
[PlyCount "49"]
[EventDate "2014.10.18"]
[EventRounds "11"]
[EventCountry "BRA"]

1. d4 Nf6 2. c4 g6 3. Nc3 d5 4. Nf3 Bg7 5. Bg5 dxc4 6. e4 c5 7. d5 b5 8. d6 Bb7
9. e5 Ne4 10. Nxe4 Bxe4 11. a4 a6 12. Bxe7 Qa5+ 13. Nd2 Bh6 14. Ra3 Qb4 15. Rh3
Bg7 16. Re3 Bd5 17. Be2 Nc6 18. Bf3 Nxe7 19. dxe7 Bxf3 20. Qxf3 Ra7 21. O-O
Kxe7 22. Ne4 Rb8 23. Ng5 Ke8 24. Qc6+ Ke7 25. Rf3 1-0

[Event "IX American Continental Classical Championship 201"]
[Site "Hotel Pipa AtlÃ¢ntico - Praia da Pipa - Rio Grande"]
[Date "2014.10.19"]
[Round "3"]
[Board "13"]
[White "Llorens Sepulveda, Marcelo"]
[Black "Alonso, Salvador"]
[Result "1/2-1/2"]
[WhiteElo "2275"]
[BlackElo "2505"]
[PlyCount "36"]
[EventDate "2014.10.18"]
[EventRounds "11"]
[EventCountry "BRA"]

1. e4 c5 2. Nf3 Nc6 3. d4 cxd4 4. Nxd4 e6 5. Nc3 d6 6. Be2 Nf6 7. Be3 Be7 8.
O-O O-O 9. f4 e5 10. Nb3 exf4 11. Bxf4 Be6 12. Kh1 Ne8 13. Nd5 Bg5 14. Bg3 Rc8
15. c3 Ne5 16. Nd4 Bxd5 17. exd5 g6 18. Qb3 Nf6 1/2-1/2

[Event "IX American Continental Classical Championship 201"]
[Site "Hotel Pipa AtlÃ¢ntico - Praia da Pipa - Rio Grande"]
[Date "2014.10.19"]
[Round "3"]
[Board "14"]
[White "Shabalov, Alexander"]
[Black "Alarcon Bahamondes, Roberto"]
[Result "1-0"]
[WhiteElo "2499"]
[BlackElo "2276"]
[PlyCount "133"]
[EventDate "2014.10.18"]
[EventRounds "11"]
[EventCountry "BRA"]

1. d4 Nf6 2. c4 e6 3. Nf3 Bb4+ 4. Nbd2 b6 5. g3 Bb7 6. Bg2 O-O 7. O-O Re8 8.
Qc2 Bxd2 9. Bxd2 Be4 10. Qb3 d6 11. Rad1 Nbd7 12. Rfe1 Qc8 13. Bh3 h6 14. Bc3
Bb7 15. Nd2 d5 16. Qa3 a5 17. b3 c5 18. dxc5 Qxc5 19. Qxc5 bxc5 20. cxd5 exd5
21. Bxf6 Nxf6 22. Rc1 Bc8 23. Bf1 Nd7 24. Bg2 Bb7 25. Bh3 Ne5 26. f4 Nc6 27.
Bd7 Re7 28. Bxc6 Bxc6 29. Rxc5 Bb7 30. a4 Re3 31. Kf2 d4 32. Rb5 Bc6 33. Rc5
Bb7 34. Nc4 Rxb3 35. Nxa5 Rb4 36. Nxb7 Rxb7 37. Ra1 Rb2 38. Rd5 Re8 39. Re1 Rb4
40. a5 Ra4 41. h4 Ra2 42. h5 d3 43. Rxd3 Rxa5 44. g4 f5 45. Kf3 fxg4+ 46. Kxg4
Ra2 47. e4 Ra4 48. Kf3 Rf8 49. Rd7 Ra3+ 50. Re3 Ra1 51. Kg4 Ra4 52. Re7 Rd8 53.
Rc3 Kh8 54. Rcc7 Rg8 55. Kf5 Ra5+ 56. e5 Ra1 57. Ke6 Rh1 58. f5 Ra1 59. f6 Ra6+
60. Kf5 Ra1 61. f7 Rf8 62. Re8 Rf1+ 63. Ke6 R1xf7 64. Rcc8 Kg8 65. Rxf8+ Rxf8
66. Rxf8+ Kxf8 67. Kd7 1-0

[Event "IX American Continental Classical Championship 201"]
[Site "Hotel Pipa AtlÃ¢ntico - Praia da Pipa - Rio Grande"]
[Date "2014.10.19"]
[Round "3"]
[Board "15"]
[White "Brito, Luismar"]
[Black "Matsuura, Everaldo"]
[Result "0-1"]
[WhiteElo "2261"]
[BlackElo "2486"]
[PlyCount "116"]
[EventDate "2014.10.18"]
[EventRounds "11"]
[EventCountry "BRA"]

1. e4 e5 2. Nf3 Nc6 3. Bb5 a6 4. Ba4 Nf6 5. O-O Be7 6. Re1 b5 7. Bb3 O-O 8. a4
Bb7 9. c3 d5 10. axb5 axb5 11. Rxa8 Bxa8 12. exd5 Nxd5 13. d4 exd4 14. cxd4 Na5
15. Bc2 Nb4 16. Be4 Bxe4 17. Rxe4 Nd5 18. Nc3 Nxc3 19. bxc3 Nc4 20. Qe2 Bd6 21.
g3 Qa8 22. Bd2 Qd5 23. Be1 h6 24. Re8 Rxe8 25. Qxe8+ Kh7 26. Qe2 f5 27. Nd2
Nxd2 28. Bxd2 c6 29. Qe8 b4 30. cxb4 Qxd4 31. Qe1 Qe5 32. Qb1 Be7 33. Qd3 Bf6
34. Be3 Qe4 35. Qxe4 fxe4 36. f3 exf3 37. Kf2 Kg6 38. Kxf3 Kf5 39. Bc5 h5 40.
h3 Ke5 41. Ke3 Bg5+ 42. Kd3 g6 43. Bd4+ Kf5 44. Bc5 Bf6 45. Bd6 Bd8 46. Kd4
Bb6+ 47. Kd3 g5 48. Bb8 Bf2 49. Ke2 Bg1 50. Kd3 g4 51. h4 Bf2 52. Ke2 Bb6 53.
Kd3 Bd8 54. Bd6 Ke6 55. Bb8 Kd5 56. Bf4 Be7 57. Bd2 Bd6 58. Be1 Bc7 0-1

[Event "IX American Continental Classical Championship 201"]
[Site "Hotel Pipa AtlÃ¢ntico - Praia da Pipa - Rio Grande"]
[Date "2014.10.19"]
[Round "3"]
[Board "16"]
[White "Gonzalez Acosta, Bernal"]
[Black "Sztokbant, Bernardo Vainzoff"]
[Result "1-0"]
[WhiteElo "2478"]
[BlackElo "2271"]
[PlyCount "145"]
[EventDate "2014.10.18"]
[EventRounds "11"]
[EventCountry "BRA"]

1. d4 d5 2. c4 e6 3. Nf3 Nf6 4. g3 Be7 5. Bg2 O-O 6. O-O dxc4 7. Qc2 a6 8. a4
Bd7 9. Qxc4 Bc6 10. Bf4 a5 11. Nc3 Na6 12. Ne5 Bxg2 13. Kxg2 Nb4 14. e4 c6 15.
Rac1 Qb6 16. Rfd1 Rad8 17. Be3 Qa6 18. Qxa6 Nxa6 19. Nc4 Bb4 20. f3 Ra8 21. Nb6
Rad8 22. Nc4 Ra8 23. Kf2 Rfe8 24. Na2 Be7 25. Bd2 Nb4 26. Nxb4 axb4 27. b3 Red8
28. Bf4 Ne8 29. Nb2 Bf6 30. Be3 Rd7 31. Rc4 Rad8 32. Ke2 Be7 33. Nd3 Nc7 34.
Ne5 Rd6 35. Rcc1 Na6 36. Nc4 R6d7 37. Nb6 Rc7 38. Bf4 Bd6 39. Bxd6 Rxd6 40. a5
Kf8 41. Rc4 Rd8 42. Rdc1 Re7 43. Ke3 Ke8 44. h4 Kf8 45. g4 Ke8 46. h5 f6 47.
Rd1 Kf7 48. Na4 Red7 49. Nc5 Nxc5 50. Rxc5 Ra8 51. Rdc1 Rad8 52. R1c4 e5 53.
Rxb4 exd4+ 54. Kd3 Ke7 55. f4 Ke6 56. a6 bxa6 57. Rxc6+ Rd6 58. Rbb6 Rxc6 59.
Rxc6+ Kd7 60. Rxa6 Rb8 61. Kc4 Rd8 62. Ra7+ Ke6 63. Ra6+ Ke7 64. Ra2 d3 65. Rd2
Rc8+ 66. Kxd3 Rc1 67. b4 Kd6 68. Ra2 Rb1 69. Ra6+ Ke7 70. Ra7+ Kd8 71. Kc4 Rf1
72. f5 Re1 73. Kd5 1-0

[Event "IX American Continental Classical Championship 201"]
[Site "Hotel Pipa AtlÃ¢ntico - Praia da Pipa - Rio Grande"]
[Date "2014.10.19"]
[Round "3"]
[Board "17"]
[White "Pichot, Alan"]
[Black "Feliciano Ebert, Vanessa"]
[Result "1-0"]
[WhiteElo "2473"]
[BlackElo "2252"]
[PlyCount "95"]
[EventDate "2014.10.18"]
[EventRounds "11"]
[EventCountry "BRA"]

1. e4 c5 2. Nf3 Nc6 3. Nc3 e6 4. d4 cxd4 5. Nxd4 Nf6 6. Nxc6 bxc6 7. Bd3 d5 8.
O-O Be7 9. Qe2 O-O 10. b3 Re8 11. Bb2 Qc7 12. Rae1 Bf8 13. f4 Bb7 14. Rf3 g6
15. Rh3 Bg7 16. Rf1 Nxe4 17. Bxe4 dxe4 18. Nxe4 Bxb2 19. c3 Bxc3 20. Rxc3 Qe7
21. Qe3 Red8 22. Rc5 Rd5 23. Qc3 Rxc5 24. Qxc5 Qxc5+ 25. Nxc5 Bc8 26. Rd1 a5
27. Rd6 Ba6 28. Rxc6 Rc8 29. Rxc8+ Bxc8 30. Kf2 Kf8 31. Ke3 Ke7 32. Kd4 Kd6 33.
g4 Kc6 34. Ne4 h6 35. g5 hxg5 36. fxg5 Ba6 37. Ke5 Bd3 38. Nd6 Kc5 39. a3 Bc2
40. b4+ axb4 41. axb4+ Kxb4 42. Nxf7 Bf5 43. Nd8 Kc3 44. Nxe6 Kd2 45. Kf6 Ke3
46. Nf8 Kf3 47. Nxg6 Bc2 48. Ne5+ 1-0

[Event "IX American Continental Classical Championship 201"]
[Site "Hotel Pipa AtlÃ¢ntico - Praia da Pipa - Rio Grande"]
[Date "2014.10.19"]
[Round "3"]
[Board "18"]
[White "Cavalcanti, Francisco De Assis"]
[Black "Henriquez Villagra, Cristobal"]
[Result "0-1"]
[WhiteElo "2186"]
[BlackElo "2470"]
[PlyCount "84"]
[EventDate "2014.10.18"]
[EventRounds "11"]
[EventCountry "BRA"]

1. Nf3 Nf6 2. d4 e6 3. c4 Bb4+ 4. Nbd2 b6 5. e3 Bb7 6. Be2 O-O 7. O-O Be7 8.
Qc2 c5 9. dxc5 bxc5 10. b3 Nc6 11. Bb2 Qc7 12. Rfd1 h6 13. Rac1 a5 14. a4 Rfd8
15. Qb1 d6 16. Qa1 Qb6 17. Ne1 d5 18. cxd5 exd5 19. Nef3 Nb4 20. Ne5 Bc8 21.
Qb1 Be6 22. Bb5 Rac8 23. Nf1 Ne4 24. Ng3 Nxg3 25. hxg3 Bf6 26. Nf3 Bg4 27. Qa1
Rd6 28. Rd2 Bxf3 29. gxf3 Qd8 30. Bxf6 Rxf6 31. f4 Qe7 32. Bf1 Rc7 33. Bg2 Rd6
34. Rcd1 d4 35. e4 Rb6 36. e5 g5 37. Qb1 gxf4 38. gxf4 Rg6 39. Qe4 Qh4 40. f3
Re6 41. f5 Qxe4 42. fxe4 Rxe5 {resto ilegÃ­vel} 0-1

[Event "IX American Continental Classical Championship 201"]
[Site "Hotel Pipa AtlÃ¢ntico - Praia da Pipa - Rio Grande"]
[Date "2014.10.19"]
[Round "3"]
[Board "19"]
[White "Terry, Renato"]
[Black "Abdalla, Jose Lucas Aurelli"]
[Result "1-0"]
[WhiteElo "2454"]
[BlackElo "2100"]
[PlyCount "63"]
[EventDate "2014.10.18"]
[EventRounds "11"]
[EventCountry "BRA"]

1. d4 Nf6 2. Bg5 Ne4 3. Bf4 d5 4. e3 Bf5 5. Bd3 e6 6. Ne2 Bd6 7. O-O O-O 8. c3
Nd7 9. Bxe4 Bxe4 10. Bxd6 cxd6 11. Ng3 Bg6 12. Nd2 Qb6 13. Qb3 Rac8 14. Rfc1
Rc6 15. f3 Qa6 16. a4 Qd3 17. Ngf1 Rb6 18. Qa3 Rc8 19. a5 Rbc6 20. Qb4 R8c7 21.
Re1 h6 22. Rad1 Qa6 23. e4 dxe4 24. fxe4 b6 25. Ra1 Qb7 26. a6 Qc8 27. Qb5 Nf6
28. Ng3 Kh7 29. h3 Qd8 30. Nf3 Nh5 31. Nxh5 Bxh5 32. Qxh5 1-0

[Event "IX American Continental Classical Championship 201"]
[Site "Hotel Pipa AtlÃ¢ntico - Praia da Pipa - Rio Grande"]
[Date "2014.10.19"]
[Round "3"]
[Board "20"]
[White "Maia, Jose Eduardo Bastos O."]
[Black "Barbosa, Evandro Amorim"]
[Result "0-1"]
[WhiteElo "2118"]
[BlackElo "2449"]
[PlyCount "80"]
[EventDate "2014.10.18"]
[EventRounds "11"]
[EventCountry "BRA"]

1. d4 Nf6 2. Nf3 g6 3. Bg5 Bg7 4. Nbd2 d5 5. e3 O-O 6. Be2 Nbd7 7. O-O c6 8. c3
Re8 9. Qc2 e5 10. dxe5 Nxe5 11. Nxe5 Rxe5 12. Nf3 Re8 13. a4 h6 14. Bxf6 Qxf6
15. a5 a6 16. Nd4 h5 17. Bf3 h4 18. Qd1 Bf8 19. b4 Bd6 20. Bg4 Qe5 21. g3 Kg7
22. Rc1 hxg3 23. hxg3 f5 24. Bf3 Bd7 25. Nb3 Qf6 26. Qd4 Rad8 27. Qxf6+ Kxf6
28. Rfd1 Bc8 29. Nc5 g5 30. c4 dxc4 31. Rxc4 Be5 32. Nd3 Bb8 33. Rd4 Rxd4 34.
exd4 Rd8 35. Nc5 Bd6 36. Kg2 g4 37. Be2 f4 38. gxf4 Bxf4 39. Bc4 Bf5 40. Re1
Rxd4 0-1

[Event "IX American Continental Classical Championship 201"]
[Site "Hotel Pipa AtlÃ¢ntico - Praia da Pipa - Rio Grande"]
[Date "2014.10.19"]
[Round "3"]
[Board "21"]
[White "Krysa, Leandro"]
[Black "De Lima, Carlos Alexandre"]
[Result "1-0"]
[WhiteElo "2446"]
[BlackElo "2094"]
[PlyCount "85"]
[EventDate "2014.10.18"]
[EventRounds "11"]
[EventCountry "BRA"]

1. d4 d6 2. c4 Nf6 3. Nc3 c6 4. e4 Nbd7 5. Nf3 e5 6. Be2 Be7 7. O-O O-O 8. Be3
Qc7 9. h3 Re8 10. d5 Nf8 11. Nd2 Ng6 12. Re1 Bd7 13. Rc1 c5 14. a3 a5 15. b3
Qc8 16. Bf1 h6 17. Rb1 Nh7 18. b4 axb4 19. axb4 b6 20. bxc5 bxc5 21. Rb6 Qc7
22. Qb3 f5 23. exf5 Bxf5 24. Nde4 Nf6 25. Bd3 Qd7 26. Nxf6+ Bxf6 27. Bxf5 Qxf5
28. Nb5 Nh4 29. Qd1 h5 30. Nxd6 Qg6 31. g3 Rf8 32. Bxc5 Bd8 33. Rb3 Be7 34. Ne4
Bxc5 35. Nxc5 Ra2 36. Ne4 Nf5 37. Qb1 Ra6 38. Rb8 Nd4 39. Rxf8+ Kxf8 40. Qb8+
Kf7 41. Kg2 Ra3 42. Nd6+ Ke7 43. Qc7+ 1-0

[Event "IX American Continental Classical Championship 201"]
[Site "Hotel Pipa AtlÃ¢ntico - Praia da Pipa - Rio Grande"]
[Date "2014.10.19"]
[Round "3"]
[Board "22"]
[White "Okamura, Milton Kasuo"]
[Black "Kaidanov, Gregory S"]
[Result "0-1"]
[WhiteElo "2085"]
[BlackElo "2569"]
[PlyCount "88"]
[EventDate "2014.10.18"]
[EventRounds "11"]
[EventCountry "BRA"]

1. d4 d5 2. c4 e6 3. Nf3 Nf6 4. Nc3 c6 5. e3 Nbd7 6. Bd3 dxc4 7. Bxc4 b5 8. Bd3
a6 9. O-O c5 10. a4 b4 11. Ne4 Bb7 12. Nxf6+ Nxf6 13. dxc5 Bxc5 14. Qe2 O-O 15.
Rd1 Qc7 16. Bd2 Rfd8 17. Rac1 a5 18. h3 Qb6 19. Be1 Rac8 20. Bc4 h6 21. Rxd8+
Rxd8 22. Rd1 Rc8 23. Nd4 Bxd4 24. Rxd4 e5 25. Rh4 Qc6 26. f3 e4 27. b3 g5 28.
Rxh6 Kg7 29. Rxf6 Qxf6 30. f4 gxf4 31. Qg4+ Qg6 32. Qxf4 Rc5 33. Bh4 Rf5 34.
Qg4 Bd5 35. Qe2 Bxc4 36. Qxc4 Qe6 37. Qxe6 fxe6 38. Bd8 Rd5 39. Bb6 Kg6 40. Kf2
Rd3 41. Bxa5 Rxb3 42. g4 Rb2+ 43. Kg3 b3 44. Bc3 Rc2 0-1

[Event "IX American Continental Classical Championship 201"]
[Site "Hotel Pipa AtlÃ¢ntico - Praia da Pipa - Rio Grande"]
[Date "2014.10.19"]
[Round "3"]
[Board "24"]
[White "Rezende, Guilherme Vilela"]
[Black "Macedo, Maximo Iack"]
[Result "1/2-1/2"]
[WhiteElo "2110"]
[BlackElo "2336"]
[PlyCount "42"]
[EventDate "2014.10.18"]
[EventRounds "11"]
[EventCountry "BRA"]

1. d4 d5 2. c4 e6 3. Nc3 Bb4 4. e3 Nf6 5. Nf3 O-O 6. Bd3 c5 7. O-O Nc6 8. a3
Ba5 9. Ne2 cxd4 10. exd4 dxc4 11. Bxc4 Ne7 12. Bg5 Nf5 13. Rc1 h6 14. Bf4 Nd5
15. Be5 Bd7 16. b4 Bb6 17. Qb3 Nf6 18. a4 Rc8 19. b5 Qe7 20. h3 Rfd8 21. Rfd1
Be8 1/2-1/2

[Event "IX American Continental Classical Championship 201"]
[Site "Hotel Pipa AtlÃ¢ntico - Praia da Pipa - Rio Grande"]
[Date "2014.10.19"]
[Round "3"]
[Board "25"]
[White "Daneri, Martin"]
[Black "Abarca Gonzalez, Nicolas"]
[Result "0-1"]
[WhiteElo "2099"]
[BlackElo "2328"]
[PlyCount "64"]
[EventDate "2014.10.18"]
[EventRounds "11"]
[EventCountry "BRA"]

1. e4 e5 2. Nc3 Nc6 3. g3 Bc5 4. Bg2 a6 5. Nge2 d6 6. d3 Bg4 7. h3 Be6 8. Nd5
Nge7 9. c3 O-O 10. O-O Nb8 11. d4 Ba7 12. Ne3 c6 13. f4 f6 14. Kh2 Nd7 15. b3
Qc7 16. Ba3 Rfe8 17. Nc4 Nc8 18. Qd3 b5 19. Ne3 Qa5 20. Bb2 Qb6 21. c4 b4 22.
Rad1 Rb8 23. c5 Qa5 24. Nc4 Qc7 25. fxe5 dxe5 26. d5 Nxc5 27. Qf3 Bf7 28. d6
Qd7 29. h4 Be6 30. Ne3 Nb7 31. Nf5 Bc5 32. Bh3 Ncxd6 {resto ilegÃ­vel} 0-1

[Event "IX American Continental Classical Championship 201"]
[Site "Hotel Pipa AtlÃ¢ntico - Praia da Pipa - Rio Grande"]
[Date "2014.10.19"]
[Round "3"]
[Board "26"]
[White "Pinto, Carlos Henrique Lopes"]
[Black "Perez Gormaz, Matias"]
[Result "0-1"]
[WhiteElo "2116"]
[BlackElo "2327"]
[PlyCount "70"]
[EventDate "2014.10.18"]
[EventRounds "11"]
[EventCountry "BRA"]

1. d4 Nf6 2. c4 e6 3. Nf3 d5 4. Qc2 c5 5. cxd5 cxd4 6. Nxd4 Nxd5 7. a3 Be7 8.
e4 Nf6 9. Nb5 Nc6 10. Be3 a6 11. N5c3 Ng4 12. Bf4 Bc5 13. Nd1 Ba7 14. f3 Nge5
15. Nd2 O-O 16. Nc4 Nd4 17. Qc3 Nec6 18. Nf2 b5 19. Ne5 Nxe5 20. Bxe5 f6 21.
Bc7 Qd7 22. Rd1 Bb7 23. Ba5 Rac8 24. Qd3 Qf7 25. Rd2 Qg6 26. Nd1 Qg5 27. g3 f5
28. Bg2 fxe4 29. fxe4 Qh5 30. Bc3 Nb3 31. Qd7 Rf7 32. Qxe6 Nxd2 33. Bxd2 Kh8
34. Nc3 Bf2+ 35. Kf1 Bxg3+ 0-1

[Event "IX American Continental Classical Championship 201"]
[Site "Hotel Pipa AtlÃ¢ntico - Praia da Pipa - Rio Grande"]
[Date "2014.10.19"]
[Round "3"]
[Board "27"]
[White "Martins, George Evandro Barret"]
[Black "Mafra, Kaiser Luiz"]
[Result "0-1"]
[WhiteElo "2276"]
[BlackElo "2148"]
[PlyCount "126"]
[EventDate "2014.10.18"]
[EventRounds "11"]
[EventCountry "BRA"]

1. d4 Nf6 2. Bf4 d5 3. c3 c5 4. e3 Nc6 5. Nd2 Bf5 6. Ngf3 e6 7. Be2 h6 8. Qb3
Qb6 9. Qxb6 axb6 10. Bc7 Nd7 11. O-O Be7 12. Rfe1 O-O 13. Bb5 Rfc8 14. Bg3 Nf6
15. h3 Na7 16. Bf1 c4 17. Ne5 b5 18. a3 Nc6 19. Bh2 Nxe5 20. Bxe5 Nd7 21. g4
Bh7 22. Bg3 Nb6 23. e4 dxe4 24. Nxe4 Bxe4 25. Rxe4 b4 26. cxb4 Bxb4 27. Rb1 Bf8
28. Bg2 Ra5 29. Re5 Nd5 30. Bxd5 Rxd5 31. Rxd5 exd5 32. Re1 f6 33. Re3 Kf7 34.
Kf1 Rc6 35. Re2 Rb6 36. Bf4 Rb3 37. Be3 b5 38. Rc2 Bd6 39. Ke2 h5 40. Kd2 g5
41. Ke2 Bc7 42. Rd2 h4 43. Rc2 Ke6 44. Rd2 Kd7 45. Rc2 Kc6 46. f3 Bf4 47. Bxf4
gxf4 48. Rd2 Kb6 49. Kf2 Ka5 50. Re2 Ka4 51. Rd2 Re3 52. Kg2 Kb3 53. Kf2 Rd3
54. Re2 Rxd4 55. Re6 Rd2+ 56. Kg1 Rxb2 57. Rxf6 c3 58. g5 c2 59. Rc6 Rb1+ 60.
Kf2 c1=Q 61. Rxc1 Rxc1 62. g6 Rc2+ 63. Kf1 Rc6 0-1

[Event "IX American Continental Classical Championship 201"]
[Site "Hotel Pipa AtlÃ¢ntico - Praia da Pipa - Rio Grande"]
[Date "2014.10.19"]
[Round "3"]
[Board "28"]
[White "Umetsubo, Cesar Hidemitsu"]
[Black "Macedo, Maximo Valerio"]
[Result "1-0"]
[WhiteElo "2355"]
[BlackElo "2085"]
[PlyCount "97"]
[EventDate "2014.10.18"]
[EventRounds "11"]
[EventCountry "BRA"]

1. Nf3 f5 2. d4 Nf6 3. g3 g6 4. Bg2 Bg7 5. O-O O-O 6. c4 d6 7. Nc3 Qe8 8. d5 e5
9. dxe6 Qxe6 10. Nd5 Na6 11. Nd4 Qe8 12. Rb1 Kh8 13. b4 Qf7 14. a3 Ne8 15. Bb2
c6 16. b5 cxb5 17. cxb5 Nc5 18. b6 a6 19. Nb3 Nxb3 20. Bxg7+ Kxg7 21. Rxb3 Bd7
22. Nc7 Nxc7 23. bxc7 Ba4 24. Bxb7 Bxb3 25. Qxb3 Qxc7 26. Bxa8 Rxa8 27. Qd3 Qc6
28. Rb1 Rc8 29. Qd4+ Kg8 30. Rd1 Rd8 31. Qf6 Qc7 32. h4 Re8 33. Rxd6 a5 34. Qd4
Qe7 35. Rd7 Qe5 36. Qc4+ Qe6 37. Qc7 Qe5 38. Rxh7 Qxc7 39. Rxc7 Rxe2 40. Ra7
Re5 41. Kg2 Rc5 42. a4 f4 43. g4 Kf8 44. Kf3 Rc3+ 45. Kxf4 Rc4+ 46. Kg5 Rxa4
47. f3 Ra3 48. f4 Ra4 49. Ra6 1-0

[Event "IX American Continental Classical Championship 201"]
[Site "Hotel Pipa AtlÃ¢ntico - Praia da Pipa - Rio Grande"]
[Date "2014.10.19"]
[Round "3"]
[Board "30"]
[White "Hernandez Amura, Gilberto"]
[Black "Castro, Oscar H."]
[Result "0-1"]
[WhiteElo "2061"]
[BlackElo "2359"]
[PlyCount "75"]
[EventDate "2014.10.18"]
[EventRounds "11"]
[EventCountry "BRA"]

1. d4 f5 2. Bg5 h6 3. Bc1 Nf6 4. Nf3 e6 5. g3 d5 6. Bg2 c5 7. O-O Nc6 8. e3 Be7
9. b3 O-O 10. Bb2 Ne4 11. c4 Bf6 12. Nc3 b6 13. Rc1 Ba6 14. Re1 Rc8 15. Ne5
Bxe5 16. dxe5 Nxc3 17. Bxc3 dxc4 18. Qe2 Qc7 19. f4 b5 20. bxc4 bxc4 21. g4 Nb4
22. gxf5 exf5 23. Rb1 Nd3 24. Bd5+ Kh8 25. Rf1 Qd7 26. Qf3 Rcd8 27. Bb7 Qe6 28.
Kh1 Rf7 29. Bxa6 Qxa6 30. h4 Qa3 31. Ba1 c3 32. Rb3 Qxa2 33. Rxc3 Re7 34. Kg1
a5 35. e4 fxe4 36. Qxe4 Qd2 37. Ra3 Qb4 38. Qxb4 0-1